Deviner le pays à partir d'images faites par une IA - Statistiques

Statistiques générales
  • Ce quiz a été pris 2 953 fois
  • Le résultat moyen est 9 sur 10
Statistiques - réponses
Par images Réponse % Correct
Australie
99%
Japon
98%
Brésil
97%
Égypte
95%
Italie
95%
Royaume-uni
91%
France
83%
Népal/Chine
82%
Émirats arabes unis
79%
Canada
67%
Aucun quiz correspondant
Distribution des résultats
% des personnes avec chaque résultat
Percentile par nombre de réponses
Votre historique - résultats
Vous n’avez pas pris ce quiz